[Event "AUT-ch U10 Online Rapid"]
[Site "Playchess.com INT"]
[Date "2020.12.13"]
[Round "6"]
[White "Schirnik, Luis"]
[Black "Kuba, Markus"]
[Result "0-1"]
[WhiteElo "1204"]
[BlackElo "1091"]
[PlyCount "74"]
[EventDate "2020.12.13"]
[EventType "swiss (rapid)"]
[EventRounds "7"]
[EventCountry "AUT"]
[SourceTitle "EXT 2022"]
[Source "ChessBase"]
[SourceDate "2021.10.06"]
[SourceVersion "1"]
[SourceVersionDate "2021.10.06"]
[SourceQuality "1"]

1. e4 e5 2. Nf3 Nc6 3. Nc3 Bc5 4. Bb5 d6 5. Bxc6+ bxc6 6. 0-0 Nf6 7. d3 0-0 8. Bg5 h6 9. Bxf6 Qxf6 10. Qd2 Rb8 11. Rfd1 Rxb2 12. Rab1 Rxb1 13. Rxb1 Rd8 14. Rb8 a6 15. Rxc8 Rxc8 16. a3 Bxa3 17. Na4 Rb8 18. Qc1 Bxc1 19. Nc3 Bb2 20. Nd1 Ba1 21. Nd2 Qg5 22. Nf3 Qc1 23. Kf1 Qxd1+ 24. Ne1 Rb1 25. g4 Qxe1+ 26. Kg2 Qg1+ 27. Kf3 Qxh2 28. Ke2 Rb2 29. d4 Rxc2+ 30. Ke3 Qf4+ 31. Kd3 Rc3+ 32. Ke2 Qxe4+ 33. Kd2 Qd3+ 34. Ke1 Rc2 35. d5 Qh3 36. Kd1 Rb2 37. Kc1 Qh1# 0-1